| 000 | 00906nam a22002652 4500 | ||
|---|---|---|---|
| 001 | 0000018885 | ||
| 005 | 20151217152138.0 | ||
| 008 | 100811s xx 000 0 eng d | ||
| 020 | _a8123914385 v. 1 : | ||
| 020 | _a8123915760 v. 2 | ||
| 040 |
_aKABU _cKABU |
||
| 100 | 1 |
_aAli, Mohammed. _@0000178333 |
|
| 245 | 1 | 0 |
_aPharmacognosy / _cMohammed Ali. |
| 250 | _a1st ed. | ||
| 260 |
_aNew Delhi : _bCBS, _c2008. |
||
| 300 | _a2 v. | ||
| 505 | 0 | _av. 1 Pharmacognosy & phytochemistry - v. 2 Pharmacognosy and plant cultivation. | |
| 650 | 0 |
_aPharmacognosy. _@0000155879 |
|
| 852 | 1 | _9o1680 KES | |
| 852 | 1 | _9o1680 KES | |
| 852 | 1 | _9o1680 KES | |
| 852 | 1 | _9o1680 KES | |
| 908 | _a100811 | ||
| 950 | _@1 | ||
| 999 |
_c8696 _d8696 |
||